000
00317nam a2200121Ia 4500
008
230907s9999||||xx |||||||||||||| ||und||
082
_a
891.4393
_b
RAZ
245
0
_a
گُل بانو , Gul bano /
260
_a
Sang-e-Meel Publications,
_b
Lahore :
_c
2010
300
_a
335 p.
650
_a
Urdu Literature
942
_c
BK
999
_c
599736
_d
599736